000 00543cam a22002171 4500
001 sa 66001275
003 DLC
005 20260227112220.0
008 900111s1964 ii 000 0 telo
010 _asa 66001275
035 _a(OCoLC)20877684
040 _aDLC
_cWaU
_dDLC
042 _apremarc
050 0 0 _aPK2905
_b.S34
100 1 _aSatyanarayana, Vishwanath,
_d1895-1976.
245 0 0 _aViśvanātha sāhityōpanyāsamulu.
260 _c[1964]
300 _a60 p.
_c22 cm.
500 _aIn Telugu.
650 0 _aIndic literature.
999 _c67686
_d67686